Normal view
MARC view
- Kang-rae cho
Entry Personal Name
001 - CONTROL NUMBER
- control field: 38198
003 - CONTROL NUMBER IDENTIFIER
- control field: NUST
005 - DATE AND TIME OF LATEST TRANSACTION
- control field: 20210314130629.0
008 - FIXED-LENGTH DATA ELEMENTS
- fixed length control field: 210314|| aca||aabn | a|a d
040 ## - CATALOGING SOURCE
- Original cataloging agency: NUST
- Transcribing agency: NUST
100 ## - HEADING--PERSONAL NAME
- Personal name: Kang-rae cho
670 ## - SOURCE DATA FOUND
- Source citation: Work cat.: (NUST): Kang-rae cho, Emerging Issues in asia proceeding of he second iuappa regional conference on air pollution
